Así habló Zaratustra
Bewaard in:
| Hoofdauteur: | |
|---|---|
| Formaat: | Boek |
| Taal: | Spanish |
| Gepubliceerd in: |
Madrid, España
Alianza Editorial
1997
|
| Onderwerpen: | |
| Tags: |
Voeg label toe
Geen labels, Wees de eerste die dit record labelt!
|
MARC
| LEADER | 00000nam a2200000Ia 4500 | ||
|---|---|---|---|
| 008 | 170316s9999 xx 000 0 spa d | ||
| 999 | |c 30812 |d 30812 | ||
| 040 | |a cru BVZT | ||
| 090 | |a 100 N-6as | ||
| 100 | |a Nietzsche, Friedrich | ||
| 245 | |a Así habló Zaratustra |c Friedrich Nietzsche | ||
| 260 | |a Madrid, España | ||
| 260 | |b Alianza Editorial | ||
| 260 | |c 1997 | ||
| 300 | |a 498 páginas | ||
| 650 | |a FILOSOFÍA |9 5 | ||
| 650 | |a MORAL |9 99 | ||
| 650 | |a ZARATUSTRA |9 103 | ||
| 650 | |a DISCURSOS DE ZARATUSTRA | ||
| 942 | |c 4 D |h 100 N-6as |2 z | ||
